[Event "44th BAN-ch OMICON 2018"]
[Site "Dhaka"]
[Date "2018.11.29"]
[Round "6"]
[White "Jabed Al Azad"]
[Black "Rahman, Syed Mahfuzur"]
[Result "0-1"]
[WhiteElo "2008"]
[BlackElo "2224"]
[Annotator "NA RC"]
[PlyCount "27"]
[EventDate "2018.11.24"]
[EventType "swiss"]
[EventCountry "BAN"]
[SourceTitle "playchess.com"]
[Source "ChessBase"]
[SourceQuality "1"]
[TimeControl "40/5400+30:1800+30"]

1. e4 {[%emt 1:30:30]} c5 {[%emt 1:30:30]} 2. Nf3 {[%emt 0:00:30]} d6 {[%emt 0:00:30]} 3. d4 {[%emt 0:00:30]} cxd4 {[%emt 0:00:30]} 4. Nxd4 {[%emt 0:00:30] Nf6Nc3 [%clk 0:00:00]} a6 {[%emt 0:00:30]} 5. Be2 {[%emt 0:00:30]} e5 {[%emt 0:00:30]} 6. Nb3 {[%emt 0:00:30]} Be7 {[%emt 0:00:30]} 7. O-O {[%emt 0:00:30]} Be6 {[%emt 0:00:30]} 8. f4 {[%emt 0:00:30]} Qc7 {[%emt 0:00:30]} 9. Be3 {[%emt 0:00:30]} Nd7 {[%emt 0:00:30]} 10. Bf3 {[%emt 0:00:30]} Rc8 {[%emt 0:00:30]} 11. f5 {[%emt 0:00:30]} Bc4 {[%emt 0:00:30]} 12. Rf2 {[%emt 0:00:30]} b5 {[%emt 0:00:30]} 13. a3 {[%emt 0:00:30]} h6 {[%emt 0:00:30]} 14. Qd2 {[%emt 0:00:30] O-O [%clk 0:00:00] g4 [%clk 0:00:00] Nh7 [%clk 0:00:00] Rd1 [%clk 0:00:00] Rfd8 [%clk 0:00:00] Rg2 [%clk 0:00:00] Ng5 [%clk 0:00:00] Qf2 [%clk 0:00:00] Nh3+ [%clk 0:00:00]} 0-1

[Event "44th BAN-ch OMICON 2018"]
[Site "Dhaka"]
[Date "2018.11.29"]
[Round "6"]
[White "Jamal Uddin"]
[Black "Chatterjee, Debaraj"]
[Result "1-0"]
[WhiteElo "1950"]
[BlackElo "2277"]
[Annotator "TA"]
[PlyCount "65"]
[EventDate "2018.11.24"]
[EventType "swiss"]
[EventCountry "BAN"]
[SourceTitle "playchess.com"]
[Source "ChessBase"]
[SourceQuality "1"]

{[%evp 25,65,30,25,8,16,-10,-9,-22,13,0,6,0,23,20,40,16,91,88,107,112,130,131,188,190,276,268,252,233,354,362,359,349,349,358,337,259,306,317,292,242,567,562]} 1. Nf3 Nf6 2. c4 g6 3. d4 Bg7 4. Nc3 O-O 5. g3 d6 6. Bg2 Nc6 7. O-O Bg4 8. h3 Bxf3 9. Bxf3 Nd7 10. e3 e5 11. d5 Ne7 12. e4 f5 13. exf5 {E62: King's Indian: Fianchetto: 6...c6 and Panno Variation (6...Nc6) without ...a6} (13. Bg2 a5 14. h4 Nf6 15. Bh3 Kh8 16. Kg2 c6 17. Bg5 h6 18. Bxf6 Rxf6 19. h5 f4 20. hxg6 Qb6 21. Qb3 {1-0 (34) Mchedlishvili,M (2590)-Cori Tello,J (2641) Linares 2017}) 13... gxf5 {[#] LiveBook: 8 Games} 14. h4 $146 ({Predecessor:} 14. Bg2 Ng6 15. f4 exf4 16. gxf4 Re8 17. Qd3 Qf6 18. Be3 a6 19. Rae1 Re7 20. Re2 Rae8 {0-1 (41) Laylo,D (2528)-Vakhidov,J (2392) Kuala Lumpur 2011}) 14... e4 15. Bg2 {The position is equal.} Ne5 16. Qb3 Kh8 17. Ne2 {[%cal Bc3e2,Be2f4,Bf4e6][%mdl 32]} Nd3 18. f3 Qd7 19. Be3 exf3 20. Bxf3 Ne5 (20... Nc5 $11 {keeps the balance.} 21. Bxc5 dxc5) 21. Nf4 $16 Nxf3+ 22. Rxf3 Be5 23. Ne6 Rg8 (23... Rf7 $16) 24. Bf4 $18 Rg4 (24... Ng6 {was called for.}) 25. Bxe5+ ({Not} 25. Qxb7 Rag8 $16) 25... dxe5 26. Qc3 (26. Qxb7 Rag8 $14) 26... Qd6 (26... Nc6 $142) 27. c5 Nxd5 28. cxd6 Nxc3 29. Rxc3 ({Don't do} 29. Nxc7 Rd8 $18) 29... cxd6 30. Rac1 Rag8 31. Kf2 h6 32. Rc7 Rxg3 $2 {[#]} (32... Re8 {is tougher.} 33. Rc8 (33. Rxb7 Rxe6 34. Rc8+ Rg8 $16) 33... Rgg8 34. Rxe8 Rxe8) 33. Ng5 $1 {Accuracy: White = 76%, Black = 31%.} 1-0

[Event "44th BAN-ch OMICON 2018"]
[Site "Dhaka"]
[Date "2018.11.30"]
[Round "7"]
[White "Rahman, Ziaur"]
[Black "Islam, Kh. Aminul"]
[Result "1-0"]
[WhiteElo "2468"]
[BlackElo "2253"]
[Annotator "TA"]
[PlyCount "37"]
[EventDate "2018.11.24"]
[EventType "swiss"]
[EventCountry "BAN"]
[SourceTitle "playchess.com"]
[Source "ChessBase"]
[SourceQuality "1"]

{[%evp 23,37,-16,8,-6,0,-13,20,17,22,20,32,26,37,32,162,152]} 1. Nf3 d5 2. g3 Nf6 3. Bg2 e6 4. O-O c5 5. d3 Nc6 6. Nbd2 Qc7 7. e4 b6 8. Re1 Be7 9. Nf1 dxe4 10. dxe4 Bb7 11. c3 Rd8 12. Qc2 O-O {LiveBook: 3 Games} 13. e5 {C00: French: Unusual White 2nd moves} (13. Bf4 Qc8 14. Rad1 Ba6 15. a3 h6 16. Ne5 Nxe5 17. Bxe5 Bb7 18. Ne3 Nd7 19. Bd6 Bxd6 20. Rxd6 Ne5 {0-1 (45) Savenkov,K (2320)-Popov,I (2648) Sochi 2015}) 13... Nd7 14. Bf4 Rfe8 15. h4 $146 {[%cal Bh2h4,Bh4h5][%mdl 32] The position is equal.} ({Predecessor:} 15. Ne3 b5 16. h4 Nf8 17. Ng4 Ng6 18. Ng5 Rd7 19. h5 Bxg5 20. Bxg5 Ngxe5 {0-1 (28) Cavatorta,F (2011)-Astengo,C (2166) Milan 2001}) 15... Nf8 16. h5 h6 17. N1h2 Na5 18. Ng4 Nh7 {[#]} ({Black should try} 18... Qd7 $14) 19. Bxh6 $1 {[%mdl 512]} 1-0

[Event "44th BAN-ch OMICON 2018"]
[Site "Dhaka"]
[Date "2018.11.30"]
[Round "7"]
[White "Chatterjee, Debaraj"]
[Black "Mohammad, Javed"]
[Result "1-0"]
[WhiteElo "2277"]
[BlackElo "2135"]
[Annotator "NA RC"]
[PlyCount "67"]
[EventDate "2018.11.24"]
[EventType "swiss"]
[EventCountry "BAN"]
[SourceTitle "playchess.com"]
[Source "ChessBase"]
[SourceQuality "1"]
[TimeControl "40/5400+30:1800+30"]

1. d4 {[%emt 0:00:30]} Nf6 {[%emt 0:01:11]} 2. c4 {[%emt 0:00:23]} g6 {[%emt 0:00:18]} 3. Nc3 {[%emt 0:00:23]} Bg7 {[%emt 0:00:12]} 4. e4 {[%emt 0:00:12]} d6 {[%emt 0:00:07]} 5. Nf3 {[%emt 0:00:07]} O-O {[%emt 0:00:09]} 6. Be2 {[%emt 0:00:05]} e5 {[%emt 0:00:12]} 7. O-O {[%emt 0:00:13]} Nc6 {[%emt 0:00:14]} 8. d5 {[%emt 0:00:13]} Ne7 {[%emt 0:00:08]} 9. b4 {[%emt 0:00:22]} a5 {[%emt 0:05:39]} 10. bxa5 {[%emt 0:00:25]} Rxa5 {[%emt 0:00:49]} 11. a4 {[%emt 0:00:26]} Nh5 {[%emt 0:03:59] E97: King's Indian: Classical Main Line (6...e5 7 0-0 Nc6): 8 Be3 and 8 d5 Ne7, not 9 Ne1} (11... c5 12. Bd2 Ra6 13. Qc2 Nd7 14. Ra3 f5 15. Ng5 Nf6 16. Rb1 fxe4 17. Ncxe4 Nxe4 18. Nxe4 Nf5 19. Qd1 {½-½ (117) Kazhgaleyev,M (2582)-Yilmaz,M (2613) Almaty 2016}) 12. Nd2 {[%emt 0:05:57]} Nf4 {[%emt 0:01:36]} 13. Nb3 {[%emt 0:00:16]} Ra8 {[%emt 0:01:21]} 14. Be3 $146 {[%emt 0:20:15]} ({Predecessor:} 14. Ba3 f5 15. f3 Nxe2+ 16. Qxe2 f4 17. a5 g5 18. h3 h5 19. c5 {0-1 (28) Magyar,F (2019)-Spacek,O (1907) Slovakia 2011}) 14... f5 {[%emt 0:07:59]} 15. f3 {[%emt 0:06:16]} b6 {[%emt 0:18:21]} 16. a5 {[%emt 0:19:38]} bxa5 {[%emt 0:00:19]} 17. Rxa5 {[%emt 0:00:04]} Rxa5 {[%emt 0:03:42]} 18. Nxa5 {[%emt 0:00:02]} c5 {[%emt 0:00:12]} 19. Nc6 {[%emt 0:00:38]} Qe8 {[%emt 0:12:37]} 20. Na7 {[%emt 0:03:09]} Bd7 {[%emt 0:11:52]} 21. Nab5 {[%emt 0:00:22]} Nc8 {[%emt 0:00:43]} 22. Re1 {[%emt 0:11:11]} Qd8 {[%emt 0:10:09]} (22... Nxe2+ $11 23. Qxe2 Qe7) 23. Bf1 {[%emt 0:03:08]} fxe4 {[%emt 0:01:54]} 24. Nxe4 {[%emt 0:01:55]} Bxb5 {[%emt 0:01:52]} 25. cxb5 {[%emt 0:00:10]} Nb6 {[%emt 0:00:26]} 26. Qb3 {[%emt 0:08:37]} Rf7 {[%emt 0:01:59]} (26... Qc7 $14) 27. Rd1 {[%emt 0:02:06]} Bf8 {[%emt 0:02:41]} 28. g3 {[%emt 0:04:05]} Nh5 {[%emt 0:05:35]} 29. Ng5 {[%emt 0:00:16]} ({White should try} 29. Bh3) 29... Ra7 $2 {[%emt 0:02:48] [#]} (29... Rb7 $16 {might work better.}) 30. Bxc5 $1 {[%emt 0:04:16]} Qxg5 $18 {[%emt 0:00:41]} ({But not} 30... dxc5 31. d6+ c4 32. Bxc4+ Kh8 {[#]} 33. d7 $1 $18 {[%mdl 512]}) (30... Ng7 {was worth a try.} 31. Bf2 Be7) 31. Bxb6 {[%emt 0:00:10]} Rf7 {[%emt 0:02:20]} 32. Bf2 {[%emt 0:02:10]} Qf6 {[%emt 0:00:48]} 33. b6 {[%emt 0:00:50]} Rb7 {[%emt 0:01:50]} 34. Ba6 {[%emt 0:00:36]} 1-0

[Event "44th BAN-ch OMICON 2018"]
[Site "Dhaka"]
[Date "2018.11.30"]
[Round "7"]
[White "Rahman, Taibur"]
[Black "Mohammad Fahad, Rahman"]
[Result "1-0"]
[WhiteElo "2239"]
[BlackElo "2381"]
[Annotator "RC"]
[PlyCount "75"]
[EventDate "2018.11.24"]
[EventType "swiss"]
[EventCountry "BAN"]
[SourceTitle "playchess.com"]
[Source "ChessBase"]
[SourceQuality "1"]
[TimeControl "40/5400+30:1800+30"]

1. d4 {[%emt 0:00:00]} Nf6 {[%emt 0:00:00]} 2. c4 {[%emt 0:00:00]} e6 {[%emt 0:00:01]} 3. Nc3 {[%emt 0:00:16]} Bb4 {[%emt 0:00:28]} 4. e3 {[%emt 0:00:05]} O-O {[%emt 0:00:51]} 5. Bd3 {[%emt 0:00:15]} c5 {[%emt 0:00:31]} 6. Nf3 {[%emt 0:00:06]} Nc6 {[%emt 0:00:20]} 7. O-O {[%emt 0:01:46]} Bxc3 {[%emt 0:01:22]} 8. bxc3 {[%emt 0:00:05]} d6 {[%emt 0:00:11]} 9. e4 {[%emt 0:05:05]} e5 {[%emt 0:00:55]} 10. d5 {[%emt 0:00:04]} Ne7 {[%emt 0:00:10]} 11. Nh4 {[%emt 0:00:08]} Ng6 {[%emt 0:06:19]} 12. Nf5 {[%emt 0:02:55]} Ne7 {[%emt 0:11:45]} 13. Ne3 {[%emt 0:25:25]} Ne8 {[%emt 0:06:20]} 14. Rb1 {[%emt 0:07:04]} b6 {[%emt 0:01:03]} 15. a4 {[%emt 0:01:34]} f5 {[%emt 0:09:25]} 16. exf5 {[%emt 0:01:21]} Nxf5 {[%emt 0:00:07]} 17. Qc2 {[%emt 0:03:32]} g6 {[%emt 0:00:21]} 18. f4 {[%emt 0:02:01]} Nxe3 {[%emt 0:08:50]} 19. Bxe3 {[%emt 0:00:18]} Ng7 {[%emt 0:02:10]} 20. fxe5 {[%emt 0:00:39]} dxe5 {[%emt 0:00:22]} 21. Rxf8+ {[%emt 0:02:17]} Qxf8 {[%emt 0:00:02]} 22. a5 {[%emt 0:04:49]} Qd6 {[%emt 0:00:57]} 23. Qa2 {[%emt 0:14:37]} Bf5 {[%emt 0:18:55]} 24. Bxf5 {[%emt 0:07:38]} Nxf5 {[%emt 0:00:08]} 25. Bf2 {[%emt 0:00:28]} Rb8 {[%emt 0:00:24]} 26. axb6 {[%emt 0:00:24]} axb6 {[%emt 0:05:26]} 27. Qa7 {[%emt 0:03:06]} Nh6 {[%emt 0:06:00]} 28. Rb5 {[%emt 0:05:36]} Qd8 {[%emt 0:00:09]} 29. h3 {[%emt 0:00:44]} Ra8 {[%emt 0:04:47]} 30. Qxb6 {[%emt 0:00:27]} Ra1+ {[%emt 0:01:19]} 31. Kh2 {[%emt 0:00:05]} Qxb6 {[%emt 0:00:05]} 32. Rxb6 {[%emt 0:00:05]} Ra4 {[%emt 0:00:04]} 33. d6 {[%emt 0:06:49]} Kf7 {[%emt 0:00:12]} 34. Rb7+ {[%emt 0:01:10]} Ke6 {[%emt 0:00:19]} 35. Bxc5 {[%emt 0:00:06]} Nf5 {[%emt 0:00:37]} 36. d7 {[%emt 0:00:23]} Ra8 {[%emt 0:00:06]} 37. Bb6 {[%emt 0:01:21]} Nd6 {[%emt 0:00:08]} 38. Ra7 {[%emt 0:00:26] Kd5 [%clk 0:00:00]} 1-0

[Event "44th BAN-ch OMICON 2018"]
[Site "Dhaka"]
[Date "2018.11.30"]
[Round "7"]
[White "Rahman, Syed Mahfuzur"]
[Black "S M Sharon"]
[Result "1-0"]
[WhiteElo "2224"]
[BlackElo "2123"]
[Annotator "RC"]
[PlyCount "87"]
[EventDate "2018.11.24"]
[EventType "swiss"]
[EventCountry "BAN"]
[SourceTitle "playchess.com"]
[Source "ChessBase"]
[SourceQuality "1"]
[TimeControl "40/5400+30:1800+30"]

1. d4 {[%emt 0:00:00]} g6 {[%emt 0:01:29]} 2. e4 {[%emt 0:00:00]} Bg7 {[%emt 0:00:27]} 3. Nf3 {[%emt 0:00:26]} d6 {[%emt 0:01:30]} 4. Nc3 {[%emt 0:00:10]} a6 {[%emt 0:00:22]} 5. a4 {[%emt 0:04:10]} Nf6 {[%emt 0:02:33]} 6. Bd3 {[%emt 0:03:02]} O-O {[%emt 0:00:25]} 7. O-O {[%emt 0:01:30]} Nc6 {[%emt 0:01:32]} 8. d5 {[%emt 0:01:03]} Nb4 {[%emt 0:12:21]} 9. Be2 {[%emt 0:10:27]} e6 {[%emt 0:02:03]} 10. a5 {[%emt 0:07:49]} exd5 {[%emt 0:01:01]} 11. exd5 {[%emt 0:01:40]} Re8 {[%emt 0:01:21]} 12. Be3 {[%emt 0:01:21]} c5 {[%emt 0:12:44]} 13. dxc6 {[%emt 0:03:25]} bxc6 {[%emt 0:01:03]} 14. Bb6 {[%emt 0:00:28]} Qd7 {[%emt 0:01:56]} 15. Qd2 {[%emt 0:06:06]} Nbd5 {[%emt 0:07:44]} 16. Nxd5 {[%emt 0:07:08]} Nxd5 {[%emt 0:00:06]} 17. Bd4 {[%emt 0:00:14]} Nf6 {[%emt 0:01:09]} 18. Rad1 {[%emt 0:07:06]} c5 {[%emt 0:09:07]} 19. Bxf6 {[%emt 0:02:29]} Bxf6 {[%emt 0:01:27]} 20. Bc4 {[%emt 0:00:02]} Rd8 {[%emt 0:10:43]} 21. Ng5 {[%emt 0:08:29]} Qg4 {[%emt 0:09:36]} 22. Bxf7+ {[%emt 0:05:58]} Kg7 {[%emt 0:00:55]} 23. Bd5 {[%emt 0:05:04]} Bxg5 {[%emt 0:00:51]} 24. f4 {[%emt 0:00:09]} Bb7 {[%emt 0:12:24]} 25. Bxb7 {[%emt 0:09:49]} Ra7 {[%emt 0:00:09]} 26. fxg5 {[%emt 0:04:32]} Rxb7 {[%emt 0:00:05]} 27. Qc3+ {[%emt 0:00:08]} Kg8 {[%emt 0:00:13]} 28. Qf6 {[%emt 0:00:09]} Qd7 {[%emt 0:00:58]} 29. Rde1 {[%emt 0:03:18]} Qc8 {[%emt 0:01:34]} 30. Re7 {[%emt 0:02:43]} Rxe7 {[%emt 0:00:50]} 31. Qxe7 {[%emt 0:00:02]} Rf8 {[%emt 0:00:15]} 32. Rf6 {[%emt 0:02:35]} Rxf6 {[%emt 0:05:17]} 33. gxf6 {[%emt 0:00:17]} Qf8 {[%emt 0:00:14]} 34. Qe6+ {[%emt 0:00:29]} Kh8 {[%emt 0:01:37]} 35. c4 {[%emt 0:00:11]} h6 {[%emt 0:00:21]} 36. h4 {[%emt 0:03:46]} h5 {[%emt 0:00:13]} 37. Kf2 {[%emt 0:01:16]} Qb8 {[%emt 0:00:56]} 38. Kf3 {[%emt 0:00:35]} Qa8+ {[%emt 0:00:52]} 39. Kf4 {[%emt 0:00:17]} Qf8 {[%emt 0:00:15]} 40. Kg5 {[%emt 0:00:00]} Qa8 {[%emt 0:00:00]} 41. g3 {[%emt 0:04:46]} d5 {[%emt 0:05:53]} 42. Qf7 {[%emt 0:02:26]} Qg8 {[%emt 0:04:16]} 43. Qxg8+ {[%emt 0:00:11]} Kxg8 {[%emt 0:00:06]} 44. cxd5 {[%emt 0:26:14]} 1-0

[Event "44th BAN-ch OMICON 2018"]
[Site "Dhaka"]
[Date "2018.11.30"]
[Round "7"]
[White "Anata, Choudhury"]
[Black "Jamal Uddin"]
[Result "1/2-1/2"]
[WhiteElo "2141"]
[BlackElo "1950"]
[Annotator "RC"]
[PlyCount "127"]
[EventDate "2018.11.24"]
[EventType "swiss"]
[EventCountry "BAN"]
[SourceTitle "playchess.com"]
[Source "ChessBase"]
[SourceQuality "1"]
[TimeControl "40/5400+30:1800+30"]

1. e4 {[%emt 0:00:00]} c5 {[%emt 0:04:04]} 2. Nf3 {[%emt 0:00:00]} d6 {[%emt 0:00:47]} 3. d4 {[%emt 0:00:00]} cxd4 {[%emt 0:00:04]} 4. Nxd4 {[%emt 0:00:05]} Nf6 {[%emt 0:00:24]} 5. Nc3 {[%emt 0:00:10]} a6 {[%emt 0:00:32]} 6. Bg5 {[%emt 0:00:21]} e6 {[%emt 0:00:25]} 7. f4 {[%emt 0:00:16]} Nc6 {[%emt 0:01:21]} 8. e5 {[%emt 0:09:48]} dxe5 {[%emt 0:09:00]} 9. Nxc6 {[%emt 0:00:08]} Qxd1+ {[%emt 0:00:37]} 10. Rxd1 {[%emt 0:00:16]} bxc6 {[%emt 0:00:08]} 11. fxe5 {[%emt 0:00:08]} Nd5 {[%emt 0:00:16]} 12. Ne4 {[%emt 0:01:06]} h6 {[%emt 0:00:42]} 13. Bh4 {[%emt 0:00:34]} g5 {[%emt 0:00:21]} 14. Bf2 {[%emt 0:00:48]} Be7 {[%emt 0:01:24]} 15. g3 {[%emt 0:03:37]} O-O {[%emt 0:04:36]} 16. c4 {[%emt 0:00:57]} Bb4+ {[%emt 0:05:21]} 17. Ke2 {[%emt 0:00:46]} f5 {[%emt 0:00:31]} 18. exf6 {[%emt 0:16:45]} Nxf6 {[%emt 0:00:42]} 19. Nxf6+ {[%emt 0:00:22]} Rxf6 {[%emt 0:00:03]} 20. Rd8+ {[%emt 0:00:16]} Kf7 {[%emt 0:00:49]} 21. Bh3 {[%emt 0:16:59]} Be7 {[%emt 0:01:18]} 22. Rd3 {[%emt 0:00:33]} h5 {[%emt 0:03:54]} 23. Be3 {[%emt 0:09:25]} g4 {[%emt 0:01:13]} 24. Bg2 {[%emt 0:00:07]} Rb8 {[%emt 0:07:19]} 25. b3 {[%emt 0:05:32]} c5 {[%emt 0:00:38]} 26. Bf4 {[%emt 0:05:19]} Bb7 {[%emt 0:06:41]} 27. Bxb8 {[%emt 0:12:35]} Bxg2 {[%emt 0:00:17]} 28. Re1 {[%emt 0:00:15]} Rf5 {[%emt 0:01:45]} 29. Bf4 {[%emt 0:01:02]} e5 {[%emt 0:01:06]} 30. Be3 {[%emt 0:00:19]} Be4 {[%emt 0:00:59]} 31. Rd7 {[%emt 0:01:24]} Ke8 {[%emt 0:06:07]} 32. Ra7 {[%emt 0:05:09]} h4 {[%emt 0:00:39]} 33. Rxe7+ {[%emt 0:01:43]} Kxe7 {[%emt 0:00:14]} 34. Bxc5+ {[%emt 0:00:10]} Ke6 {[%emt 0:00:53]} 35. gxh4 {[%emt 0:02:54]} Rf3 {[%emt 0:00:50]} 36. Rg1 {[%emt 0:00:25]} Rh3 {[%emt 0:00:12]} 37. Bf2 {[%emt 0:00:40]} Bf3+ {[%emt 0:00:24]} 38. Ke3 {[%emt 0:00:52]} Rxh2 {[%emt 0:01:17]} 39. b4 {[%emt 0:00:33]} Rh3 {[%emt 0:01:35]} 40. Bg3 {[%emt 0:00:00]} Bc6 {[%emt 0:00:00]} 41. Kf2 {[%emt 0:01:56]} Kf5 {[%emt 0:02:00]} 42. Re1 {[%emt 0:00:30]} e4 {[%emt 0:07:39]} 43. Rg1 {[%emt 0:00:30]} Ba4 {[%emt 0:04:01]} 44. Ke3 {[%emt 0:00:43]} Bd1 {[%emt 0:02:41]} 45. a3 {[%emt 0:06:21]} Bb3 {[%emt 0:03:26]} 46. Kd4 {[%emt 0:01:54]} e3 {[%emt 0:00:36]} 47. Kxe3 {[%emt 0:07:32]} Bxc4 {[%emt 0:00:30]} 48. Kf2 {[%emt 0:00:31]} Ke4 {[%emt 0:03:45]} 49. Rc1 {[%emt 0:16:49]} Bb5 {[%emt 0:05:02]} 50. Kg2 {[%emt 0:04:44]} Kd4 {[%emt 0:01:24]} 51. Rc7 {[%emt 0:00:41]} Bc4 {[%emt 0:04:22]} 52. Rg7 {[%emt 0:00:38]} Be2 {[%emt 0:01:10]} 53. Kf2 {[%emt 0:00:30]} Kc4 {[%emt 0:00:43]} 54. h5 {[%emt 0:00:33]} Bf3 {[%emt 0:00:40]} 55. Rg5 {[%emt 0:00:30]} Kb3 {[%emt 0:02:15]} 56. Ra5 {[%emt 0:00:30]} Bb7 {[%emt 0:00:30]} 57. b5 {[%emt 0:00:39]} Rxh5 {[%emt 0:00:30]} 58. bxa6 {[%emt 0:00:31]} Rxa5 {[%emt 0:00:30]} 59. axb7 {[%emt 0:00:30]} Rf5+ {[%emt 0:00:48]} 60. Ke3 {[%emt 0:00:35]} Rb5 {[%emt 0:00:30]} 61. b8=Q {[%emt 0:00:30]} Rxb8 {[%emt 0:00:30]} 62. Bxb8 {[%emt 0:00:30]} Kxa3 {[%emt 0:00:30]} 63. Kf4 {[%emt 0:00:30]} Ka4 {[%emt 0:38:00]} 64. Ke4 {[%emt 0:01:04]} 1/2-1/2

[Event "44th BAN-ch OMICON 2018"]
[Site "Dhaka"]
[Date "2018.11.30"]
[Round "7"]
[White "Subrota, Biswas"]
[Black "Reefat, Bin-Sattar"]
[Result "1-0"]
[WhiteElo "2126"]
[BlackElo "2437"]
[Annotator "TA"]
[PlyCount "87"]
[EventDate "2018.11.24"]
[EventType "swiss"]
[EventCountry "BAN"]
[SourceTitle "playchess.com"]
[Source "ChessBase"]
[SourceQuality "1"]

{[%evp 19,87,-6,0,0,0,-2,0,0,12,-5,35,24,21,6,0,4,12,-3,18,18,12,10,18,18,15,15,27,-20,-20,-21,-19,-17,-17,-34,-41,-61,-54,-59,-58,-55,-33,-64,-31,-27,0,0,0,0,0,0,0,0,0,0,0,0,8,20,211,205,274,274,263,238,517,514,514,506,29973,29959]} 1. e4 e6 2. c4 d5 3. exd5 exd5 4. cxd5 Nf6 5. Nc3 Nxd5 6. Nf3 {C00: French: Unusual White 2nd moves} Nc6 (6... Bb4 7. a3 Bxc3 8. dxc3 O-O 9. Be2 Nc6 10. O-O Re8 11. Re1 Bg4 12. Bg5 Qd7 13. h3 Bh5 {1-0 (59) Kantans,T (2478)-Demidov,M (2523) chess.com INT 2018}) 7. d4 Bb4 8. Bd2 O-O 9. Be2 h6 10. O-O Be6 {LiveBook: 3 Games} 11. Re1 a6 12. Bd3 $146 ({Predecessor:} 12. a3 Ba5 13. Bd3 Bb6 {1-0 (57) Mulder,J (2149)-Kuusela,M (2208) ICCF email 2014}) 12... Re8 13. Rc1 Bf8 14. Bb1 Nf6 15. Bf4 Qd7 16. Be5 Nxe5 17. dxe5 {[#] Hoping for Qc2.} Qxd1 18. Rexd1 Nd7 (18... Nh5 {seems wilder.} 19. Nd4 c6 20. Re1 Nf4 21. g3 Rad8) 19. Nd5 Bxd5 $1 20. Rxd5 Nb6 21. Rd3 c5 {[%cal Bc7c5,Bc5c4][%mdl 32]} 22. Rb3 Nd7 23. Re1 b5 24. Be4 Ra7 25. Rbe3 c4 26. Bf5 Nc5 27. g4 g6 28. Bc2 Ne6 29. Rd1 Ree7 30. Nd4 Nxd4 31. Rxd4 Bg7 32. Rd8+ Kh7 33. f4 {[%cal Bf2f4,Bf4f5,Bf5e6,Be6e7][%mdl 32]} Rad7 34. Rxd7 Rxd7 $11 {[%mdl 4096] Endgame KRB-KRB} 35. Re2 Rd4 36. f5 Rxg4+ 37. Kf2 Kg8 38. e6 {Threatens to win with e7.} fxe6 $2 (38... Kf8 $11 {and Black is okay.}) 39. fxe6 $18 Kf8 {Strongly threatening ...Ke7.} 40. e7+ Ke8 41. Re6 $1 {[%csl LRa6,LRg6]} Bxb2 $2 (41... h5 42. b3 Bd4+ 43. Kf3 Bf6 44. Rxf6 Kxe7 45. Rxa6 Rh4) 42. Kf3 h5 43. h3 Rg1 {[#]} (43... Ba3 $18 44. hxg4 Bxe7 45. Bxg6+ Kd7 46. Rxa6 hxg4+ 47. Kxg4 Bd6 48. Bf5+ Kc7) 44. Be4 $1 {Precision: White = 69%, Black = 42%.} 1-0

[Event "44th BAN-ch OMICON 2018"]
[Site "Dhaka"]
[Date "2018.11.30"]
[Round "7"]
[White "Ahmed, Sk. Nasir"]
[Black "Ikramul, Haq Siam"]
[Result "1-0"]
[WhiteElo "2119"]
[BlackElo "2100"]
[Annotator "TA"]
[PlyCount "124"]
[EventDate "2018.11.24"]
[EventType "swiss"]
[EventCountry "BAN"]
[SourceTitle "playchess.com"]
[Source "ChessBase"]
[SourceQuality "1"]

{[%evp 14,124,23,38,49,45,83,2,47,42,38,34,33,28,36,37,36,28,58,26,51,25,31,31,77,83,87,73,127,131,118,120,137,90,120,108,118,77,83,75,211,191,250,245,264,160,163,163,175,141,145,106,107,75,145,154,169,149,194,196,239,151,155,137,240,197,146,104,114,103,114,112,145,107,109,106,116,116,198,196,210,203,916,793,863,863,1248,1222,843,336,1449,1396,1450,1464,1437,1181,1060,697,29972,29973,29967,29969,29976,29978,29976,29978,29983,29984,29984,29985,29985,29985,29985]} 1. c4 e6 2. b3 d5 3. Bb2 Nf6 4. Nf3 c5 5. cxd5 Nxd5 (5... exd5 6. g3 Nc6 7. Bg2 d4 8. O-O Be7 9. Na3 O-O 10. Nc4 Bf5 11. Rc1 Rc8 12. Nfe5 Nxe5 13. Nxe5 {½-½ (55) So,W (2780)-Aronian,L (2767) Saint Louis 2018}) 6. g3 {A13: English Opening: 1...e6} b6 7. Bg2 Bb7 8. O-O {LiveBook: 4 Games. White has an edge.} Nc6 9. d4 Nf6 10. Ba3 $146 (10. Nc3 $16) ({Predecessor:} 10. Nc3 Nxd4 11. Nxd4 Bxg2 12. Nxe6 fxe6 13. Kxg2 Qxd1 14. Rfxd1 Kf7 {1-0 (47) Doan,T (1974)-Luu,H (1409) Ho Chi Minh 2017}) 10... cxd4 11. Nxd4 Bxa3 12. Nxa3 Nxd4 13. Bxb7 Rb8 14. Bg2 O-O 15. e3 Nf5 16. Qe2 Qe7 17. Qa6 Nd6 18. Nc2 {[%cal Ba3c2,Bc2d4,Bd4c6][%mdl 32]} b5 19. Nd4 $36 {[%mdl 2048] Threatens to win with Nc6. Keeping Black busy.} Rb6 20. Qa5 Rc8 (20... Qd7 $142) 21. Rfc1 $16 Rxc1+ 22. Rxc1 h6 23. Rc5 Kh7 24. Nc6 Qc7 25. Qxa7 Qxa7 26. Nxa7 Kg6 (26... Ra6 $16) 27. Nc6 $18 Nfe4 (27... Nd7 $142 28. Rc1 Nf6) 28. Rc2 f5 29. Nb4 Kf7 30. Rc7+ Kf8 31. h4 g5 32. hxg5 hxg5 33. Kf1 Ne8 (33... g4 $142) 34. Rc8 $16 N4d6 35. Rc2 Rb8 36. Ke2 Rd8 37. Rc6 Nf6 38. Ke1 Ke7 (38... g4 $16 {was worth a try.} 39. Na6 Nfe4 40. Bxe4 Nxe4) 39. Rc7+ Rd7 40. Rxd7+ Kxd7 {[%mdl 4096] Endgame KBN-KNN} 41. a4 bxa4 42. bxa4 Nc4 43. Ke2 Kd6 44. Nc6 e5 45. Nd8 f4 (45... g4 $16 {might work better.}) 46. Nf7+ $18 Kc5 47. Nxg5 fxe3 $2 {[#]} (47... fxg3 48. fxg3 Kb4) 48. Ne4+ Nxe4 49. Bxe4 exf2 50. Kxf2 {KB-KN} Kd4 51. Bc6 $2 {[#]} (51. Bg6 e4 52. g4) 51... e4 $2 (51... Nd6 52. g4 Nf7) 52. Bb5 Nd6 53. g4 e3+ 54. Ke2 Ne4 55. Ke1 Nc5 56. a5 {[%cal Ba4a5,Ba5a6,Ba6a7][%mdl 32] White mates.} Ne6 57. a6 Kc5 58. a7 Nc7 59. g5 Kd6 60. Ke2 Ke5 61. Bd3 Na8 62. Kxe3 Nb6 {Accuracy: White = 69%, Black = 32%.} 1-0